<Der> Buchhandel im Europäischen Binnenmarkt Symposion des Börsenvereins des Deutschen Buchhandels am 6. und 7. April 1989 in Bonn
Gespeichert in:
| Weitere Verfasser: | |
|---|---|
| Format: | Buch |
| Sprache: | Deutsch |
| Veröffentlicht: |
Frankfurt am Main
Buchhändler-Vereinigung
1989
|
| Ausgabe: | 1. Aufl. |
| Schriftenreihe: | Börsenverein des Deutschen Buchhandels
|
| Schlagworte: | |
| Tags: |
Keine Tags, Fügen Sie das erste Tag hinzu!
|
MARC
| LEADER | 00000nam a2200000 4500 | ||
|---|---|---|---|
| 001 | c003876 | ||
| 005 | 20221215124235.3 | ||
| 020 | |a 3-7657-1540-9 | ||
| 041 | 0 | |a ger | |
| 044 | |a DE | ||
| 245 | 1 | 0 | |a <Der> Buchhandel im Europäischen Binnenmarkt |b Symposion des Börsenvereins des Deutschen Buchhandels am 6. und 7. April 1989 in Bonn |c Edit. Jürgen Becker |
| 250 | |a 1. Aufl. | ||
| 264 | 1 | |a Frankfurt am Main |b Buchhändler-Vereinigung |c 1989 | |
| 300 | |a 112 s. | ||
| 490 | 1 | |a Börsenverein des Deutschen Buchhandels | |
| 830 | 0 | |a Börsenverein des Deutschen Buchhandels | |
| 610 | 2 | 0 | |a knihy |
| 610 | 2 | 0 | |a obchod |
| 610 | 2 | 0 | |a kúpa |
| 610 | 2 | 0 | |a predaj |
| 610 | 2 | 0 | |a trh vnútorný |
| 610 | 2 | 0 | |a Európske spoločenstvá |
| 610 | 2 | 0 | |a obchod zahraničný |
| 610 | 2 | 0 | |a burzy |
| 610 | 2 | 0 | |a Nemecko |
| 700 | 1 | |a Becker, Jürgen | |